| 000 | 00517nam a22001697a 4500 | ||
|---|---|---|---|
| 005 | 20251108171113.0 | ||
| 008 | 250721s1983 xx 000 0 ara d | ||
| 082 | 1 | 4 | _a211.9/خضر |
| 100 | 1 | _aخضر، عبد العليم عبد الرحمن | |
| 245 | 1 | 0 | _aالإنسان في الكون بين القرآن و العلم / |
| 264 | 1 |
_aجده : _bعالم المعرفة، _c1983. |
|
| 300 | _a426ص. | ||
| 650 | 1 | 7 | _aالقرآن الكريم |
| 650 | 1 | 7 | _aالإسلام |
| 942 |
_2ddc _cBK |
||
| 999 |
_c56686 _d56686 |
||